000 00570cam a2200193 i 4500
001 180873
003 ES-MaACL
005 20230906221212.0
008 120727s1925 sp |||| | spa d
080 _a821.134.2-34"18"
100 1 _aPicón, Jacinto Octavio,
_d1852-1923
_991875
245 1 0 _aDesencanto /
_cJacinto Octavio Picón.
260 _aMadrid :
_bRenacimiento,
_c1925.
300 _a310 p. ;
_c19 cm.
490 1 _aObras completas ;
_vt. 11
830 0 _aObras completas ;
_vt. 11
_9176447
852 _aES-MaACL
_jB-6025
999 _c180873
_d180873